00327nam a2200097Ia 4500008004100000020001800041100002000059245010300079260003400182300001300216180205s9999 xx 000 0 und d a9781416618249 aPhillips, Vicki cOlson, LynnaEnsuring effective instruction :bhow do i improve teaching using multiple measure? : ausa :bASCD publicationc2013 a45 pages